000 00552cam a2200193ua 4500
001 5543
008 131004n ii |||gr||||Z||||||eng
020 _a81-87606-41-X
040 _cMAIN
082 _a305.4
245 1 1 _aStatus of Women working In The Tea Plantations
_cby Elizabeth Kaniampady FMA
250 _a1st ed.
260 _aNew Delhi:
_bAkansha Publishing House,
_c2003.
300 _axi,270p.
653 _aSociology
653 _aStatus of Women Working In The Tea Plantations
700 1 _aKaniampady Elizabeth,
_eAuthor.
942 _cBK
999 _c4709
_d4709